The foundations of intuitionistic mathematics : especiallyin relation to recursive functions
Αποθηκεύτηκε σε:
| Κύριος συγγραφέας: | |
|---|---|
| Άλλοι συγγραφείς: | |
| Μορφή: | Βιβλίο |
| Γλώσσα: | English |
| Δημοσίευση: |
Amsterdam :
North-Holland Pub. Co.,
1965
|
| Σειρά: | Studies in logic and the foundations of mathematics
|
| Θέματα: | |
| Ετικέτες: |
Προσθήκη ετικέτας
Δεν υπάρχουν, Καταχωρήστε ετικέτα πρώτοι!
|
MARC
| LEADER | 00000nam a2200000 i 4500 | ||
|---|---|---|---|
| 001 | 1/46197 | ||
| 008 | 941103s1965 eng d | ||
| 035 | |a 1987 |l 10042734 | ||
| 040 | |a GR-MY-UA |b gre |e aacr | ||
| 041 | 0 | |a eng | |
| 082 | 0 | |a 511.33 | |
| 100 | 1 | |a Kleene, Stephen Cole |d 1909- | |
| 245 | 1 | 4 | |a The foundations of intuitionistic mathematics : |b especiallyin relation to recursive functions / |c Stephen Cole Kleene, Richard Eugene Vesley |
| 260 | |a Amsterdam : |b North-Holland Pub. Co., |c 1965 | ||
| 300 | |a 206 p.; |c 24 cm. | ||
| 490 | 1 | |a Studies in logic and the foundations of mathematics | |
| 500 | |a Includes bibliographical references and index | ||
| 650 | 0 | 0 | |a Recursive functions. |
| 650 | 0 | 0 | |a Logic, Symbolic and mathematical. |
| 650 | 0 | 0 | |a Intuitionistic mathematics. |
| 700 | 1 | |a Vesley, Richard Eufene |d 1932- | |
| 830 | 0 | |a Studies in logic and the foundations of mathematics | |
| 852 | |a INST |b SAMOS |e 19941103 |h 511.33 KLE |p 005300002959 |q 005300002959 |t BK |y 0 | ||
| 909 | |a Σ |b 008421 | ||